ARRUPE JESUIT UNIVERSITY

CORONAVIRUS -STOP THE SPREAD - CLEAN,DISINFECT,COVER

The nemesis of power : (Record no. 130945)

MARC details
000 -LEADER
fixed length control field 01330cam a2200325 a 4500
001 - CONTROL NUMBER
control field 12882561
003 - CONTROL NUMBER IDENTIFIER
control field ARRUPE
005 - DATE AND TIME OF LATEST TRANSACTION
control field 20211026094005.0
008 - FIXED-LENGTH DATA ELEMENTS--GENERAL INFORMATION
fixed length control field 990915s2000 enkab b 001 0 eng
010 ## - LIBRARY OF CONGRESS CONTROL NUMBER
LC control number 2002437220
020 ## - INTERNATIONAL STANDARD BOOK NUMBER
International Standard Book Number 1861890583
035 ## - SYSTEM CONTROL NUMBER
System control number (UkLWHE)b000031006
040 ## - CATALOGING SOURCE
Original cataloging agency DLC
Transcribing agency DLC
Modifying agency DLC
050 00 - LIBRARY OF CONGRESS CALL NUMBER
Classification number JZ1242
Item number .K58 2000
082 00 - DEWEY DECIMAL CLASSIFICATION NUMBER
Classification number 327.1/01
Edition number 21
300 ## - PHYSICAL DESCRIPTION
Other physical details ill., maps ;
Dimensions 24 cm.
100 1# - MAIN ENTRY--PERSONAL NAME
Personal name Kleinschmidt, Harald,
Dates associated with a name 1949-
9 (RLIN) 50597
245 14 - TITLE STATEMENT
Title The nemesis of power :
Remainder of title a history of international relations theories /
Statement of responsibility, etc Harald Kleinschmidt.
260 ## - PUBLICATION, DISTRIBUTION, ETC. (IMPRINT)
Place of publication, distribution, etc London :
Name of publisher, distributor, etc Reaktion Books,
Date of publication, distribution, etc 2000.
300 ## - PHYSICAL DESCRIPTION
Extent 285 p. :
440 #0 - SERIES STATEMENT/ADDED ENTRY--TITLE
Title Globalities
9 (RLIN) 50598
504 ## - BIBLIOGRAPHY, ETC. NOTE
Bibliography, etc Includes bibliographical references (p. 235-279) and index.
650 #0 - SUBJECT ADDED ENTRY--TOPICAL TERM
Topical term or geographic name as entry element International relations
General subdivision Philosophy
-- History.
9 (RLIN) 50599
650 #0 - SUBJECT ADDED ENTRY--TOPICAL TERM
Topical term or geographic name as entry element Balance of power
General subdivision History.
9 (RLIN) 50600
856 42 - ELECTRONIC LOCATION AND ACCESS
Materials specified Contributor biographical information
Uniform Resource Identifier <a href="http://www.loc.gov/catdir/enhancements/fy0642/2002437220-b.html">http://www.loc.gov/catdir/enhancements/fy0642/2002437220-b.html</a>
856 42 - ELECTRONIC LOCATION AND ACCESS
Materials specified Publisher description
Uniform Resource Identifier <a href="http://www.loc.gov/catdir/enhancements/fy0642/2002437220-d.html">http://www.loc.gov/catdir/enhancements/fy0642/2002437220-d.html</a>
856 41 - ELECTRONIC LOCATION AND ACCESS
Materials specified Table of contents only
Uniform Resource Identifier <a href="http://www.loc.gov/catdir/enhancements/fy0642/2002437220-t.html">http://www.loc.gov/catdir/enhancements/fy0642/2002437220-t.html</a>
906 ## - LOCAL DATA ELEMENT F, LDF (RLIN)
a 7
b cbc
c origres
d 2
e ncip
f 20
g y-gencatlg
942 ## - ADDED ENTRY ELEMENTS (KOHA)
Source of classification or shelving scheme Library of Congress Classification
Koha item type Monograph ( Printed materials)
Holdings
Withdrawn status Lost status Source of classification or shelving scheme Damaged status Not for loan Collection code Home library Current library Shelving location Date acquired Total Checkouts Full call number Barcode Date last seen Price effective from Koha item type
    Library of Congress Classification     Main Collection ARRUPE LIBRARY ARRUPE LIBRARY Main Collection 26/10/2021   JZ1242 .K58 2000 46600006906 26/10/2021 26/10/2021 Monograph ( Printed materials)

 

Arrupe Library. PO Box MP320 Mt Pleasant, Harare, Zimbabwe
263 242 745411|librarian@aju.ac.zw